000
00303nam a2200133Ia 4500
005
20251222141815.0
008
251222s9999||||xx |||||||||||||| ||spa||
020
_a
9788437066516
082
_a
791/U61
245
0
_a
Ananda Dansa:
250
_a
1ra. ed.
264
_b
Textos i Imatges, S.A.
942
_c
LIB
999
_c
6616
_d
6616